| 000 | 00500nam a2200193 a 4500 | ||
|---|---|---|---|
| 001 | 1772013440452 | ||
| 003 | YourLibrary | ||
| 005 | 20260225152850.0 | ||
| 008 | 260225s2006##################000#0#eng## | ||
| 020 | _a9780415346115 | ||
| 082 | 0 | 4 |
_a321.0095 _bBOY |
| 100 | 1 |
_aBoyd, Richard, _eauthor. |
|
| 245 | 1 | 0 | _aState Making in Asia : |
| 260 |
_bPsychology Press, _c2006. |
||
| 300 | _a204 pages | ||
| 650 | 0 | _aPolitical Science. | |
| 942 | _cENGLISH | ||
| 040 |
_aYourLibrary _beng _cYourLibrary |
||
| 999 |
_c615642 _d615642 |
||